|
|
|
|
| LEADER |
01638cas a2200373 a 4500 |
| 001 |
c000260251 |
| 003 |
CARM |
| 005 |
20070511112953.0 |
| 008 |
781027d197u1972onc x m s0 0eng d |
| 010 |
|
|
|a sn 97015245
|
| 019 |
1 |
|
|a 13196370
|5 LACONCORD2021
|
| 035 |
|
|
|a (OCoLC)4324243
|5 LACONCORD2021
|
| 040 |
|
|
|a LC
|b eng
|c LC
|d LC
|
| 042 |
|
|
|a lcd
|
| 043 |
|
|
|a n-cn-on
|
| 070 |
0 |
|
|a 99.9
|b On84
|
| 072 |
|
0 |
|a P000
|
| 245 |
0 |
0 |
|a Research report (wildlife).
|
| 260 |
|
|
|a [Toronto, Ont.?] :
|b Fish and Wildlife Research Branch, Ontario Ministry of Natural Resources,
|c -1972.
|
| 300 |
|
|
|a v. :
|b ill. ;
|c 30 cm.
|
| 310 |
|
|
|a Irregular
|
| 362 |
0 |
|
|a -no. 92.
|
| 500 |
|
|
|a Description based on: No. 92 published in 1972.
|
| 650 |
|
0 |
|a Wildlife resources
|z Ontario
|v Periodicals.
|
| 710 |
1 |
|
|a Ontario.
|b Fish and Wildlife Research Branch.
|
| 780 |
0 |
0 |
|t Research report (Ontario. Dept. of Lands and Forests. Research Branch)
|d [Toronto, Ont.?] : Ontario, Dept. of Lands and Forests, Research Branch, [1959-1969]
|w (DLC)sn 97015246
|
| 785 |
0 |
0 |
|t Forest research report (Ontario. Forest Research Branch)
|w (OCoLC)36749304
|w (DLC)sn 97015244
|
| 852 |
8 |
|
|b CARM
|h A1:AP26C0
|i C09326
|p 0375316
|f SE
|
| 852 |
8 |
|
|b CARM
|h A1:AR13D0
|i F05106
|p 0375317
|f SE
|
| 866 |
|
0 |
|a 90(1969)-92(1972)
|
| 866 |
|
0 |
|a 90(1969)-92(1972)
|
| 999 |
f |
f |
|i a5bac520-91b2-5c47-8091-633d9dceb44a
|s ef6e55e7-24cf-5d51-916d-41661a4ff1ac
|
| 952 |
f |
f |
|p Can circulate
|a CAVAL
|b CAVAL
|c CAVAL
|d CARM 1 Store
|e C09326
|f A1:AP26C0
|h Other scheme
|i book
|k 90(1969)-91(1972)
|m 0375316
|
| 952 |
f |
f |
|p Can circulate
|a CAVAL
|b CAVAL
|c CAVAL
|d CARM 1 Store
|e F05106
|f A1:AR13D0
|h Other scheme
|i book
|k 92(1972)
|m 0375317
|